| Tag |
First Indicator |
Second Indicator |
Subfields |
| LEADER |
00000cam a2200000 i 4500 |
| 001 |
in00004352021 |
| 008 |
200407t20202020nyu 000 1 eng |
| 005 |
20250318220437.7 |
| 010 |
|
|
|a 2020016412
|
| 020 |
|
|
|a 9781250271464
|
| 020 |
|
|
|a 1250271460
|q hardcover
|
| 020 |
|
|
|z 9781250271471
|q electronic book
|
| 035 |
|
|
|a (OCoLC)on1130366534
|
| 035 |
|
|
|a (OCoLC)1130366534
|
| 040 |
|
|
|a DLC
|b eng
|e rda
|c DLC
|d OCLCO
|d OCLCF
|d OCLCQ
|d FNN
|d HBP
|d OCLCO
|d UAP
|d NZAUC
|d YDX
|d TCH
|d SINLB
|d YDX
|
| 042 |
|
|
|a pcc
|
| 043 |
|
|
|a e-gx---
|a e-pl---
|a n-us-il
|
| 050 |
0 |
0 |
|a PS3602.A628
|b E45 2020
|
| 082 |
0 |
0 |
|a 813/.6
|2 23
|
| 100 |
1 |
|
|a Balson, Ronald H.,
|e author.
|
| 245 |
1 |
0 |
|a Eli's promise /
|c Ronald H. Balson.
|
| 250 |
|
|
|a First edition.
|
| 264 |
|
1 |
|a New York :
|b St. Martin's Press,
|c 2020.
|
| 264 |
|
4 |
|c ©2020
|
| 300 |
|
|
|a 343 pages ;
|c 25 cm
|
| 336 |
|
|
|a text
|b txt
|2 rdacontent
|
| 337 |
|
|
|a unmediated
|b n
|2 rdamedia
|
| 338 |
|
|
|a volume
|b nc
|2 rdacarrier
|
| 520 |
|
|
|a "A 'fixer' in a Polish town during World War II, his betrayal of a Jewish family, and a search for justice 25 years later. Eli's Promise spans three eras--Nazi-occupied Poland, the American Zone of post-war Germany, and Chicago at the height of the Vietnam War. 1939: Eli Rosen lives with his wife Esther and their young son in the Polish town of Lublin, where his family owns a construction company. As a consequence of the Nazi occupation, Eli's company is Aryanized, appropriated and transferred to Maximilian Poleski-an unprincipled profiteer who peddles favors to Lublin's subjugated residents. An uneasy alliance is formed; Poleski will keep the Rosen family safe if Eli will manage the business. Will Poleski honor his promise or will their relationship end in betrayal and tragedy? 1946: Eli resides with his son in a displaced persons camp in Allied-occupied Germany hoping for a visa to America. His wife has been missing since the war. One man is sneaking around the camps selling illegal visas; might he know what has happened to her? 1965: Eli rents a room in Albany Park, Chicago. He is on a mission. With patience, cunning, and relentless focus, he navigates unfamiliar streets and dangerous political backrooms, searching for the truth. Powerful and emotional, Ronald H. Balson's Eli's Promise is a rich, rewarding novel of World War II and a husband's quest for justice."--
|c Provided by publisher.
|
| 650 |
|
0 |
|a Holocaust survivors
|v Fiction.
|
| 650 |
|
0 |
|a Husband and wife
|v Fiction.
|
| 650 |
|
0 |
|a World War, 1939-1945
|x Jews
|v Fiction.
|
| 650 |
|
0 |
|a Jewish refugees
|z Germany
|v Fiction.
|
| 651 |
|
0 |
|a Poland
|x History
|y Occupation, 1939-1945
|v Fiction.
|
| 651 |
|
0 |
|a Germany
|x History
|y 1945-
|v Fiction.
|
| 651 |
|
0 |
|a Chicago (Ill.)
|x History
|y 19th century
|v Fiction.
|
| 650 |
|
7 |
|a FICTION / Historical / World War II.
|2 bisacsh
|
| 650 |
|
7 |
|a FICTION / Jewish.
|2 bisacsh
|
| 650 |
|
7 |
|a Holocaust survivors.
|2 fast
|0 (OCoLC)fst00958838
|
| 651 |
|
7 |
|a Poland.
|2 fast
|0 (OCoLC)fst01206891
|
| 647 |
|
7 |
|a Occupation of Poland
|c (Poland :
|d 1939-1945)
|2 fast
|0 (OCoLC)fst01353902
|
| 647 |
|
7 |
|a World War
|d (1939-1945)
|2 fast
|0 (OCoLC)fst01180924
|
| 648 |
|
7 |
|a 1939-1945
|2 fast
|
| 655 |
|
0 |
|a Jewish fiction.
|
| 655 |
|
7 |
|a Fiction.
|2 fast
|0 (OCoLC)fst01423787
|
| 655 |
|
7 |
|a History.
|2 fast
|0 (OCoLC)fst01411628
|
| 655 |
|
7 |
|a Historical fiction.
|2 gsafd
|
| 655 |
|
7 |
|a Jewish fiction.
|2 lcgft
|
| 655 |
|
7 |
|a Historical fiction.
|2 lcgft
|
| 852 |
8 |
|
|b pda,print
|z This title is available for the library to purchase for your use. Click the "Purchase It For Me" button to place a request. This item may take 5-10 business days to arrive.
|
| 955 |
|
|
|a Print PDA title
|
| 961 |
|
|
|m 565730
|
| 999 |
f |
f |
|s acfba606-e01d-4e52-98e1-0bd24c46b851
|i 15addad4-869a-35bf-a8b1-6f4b1f03b8c8
|t 0
|
| 952 |
f |
f |
|a Texas A&M University
|b College Station
|c Sterling C. Evans Library
|d Purchase on Demand
|t 0
|e PS3602.A628 E45 2020
|h Library of Congress classification
|
| 998 |
f |
f |
|a PS3602.A628 E45 2020
|t 0
|l Purchase on Demand
|